| 000 | 00504nam a2200217Ia 4500 | ||
|---|---|---|---|
| 003 | OSt | ||
| 005 | 20220715144121.0 | ||
| 008 | 210210b1995 xxu||||| |||| 00| 0 eng d | ||
| 020 | _a81 85392 68 4 | ||
| 040 | _cAL | ||
| 041 | _aeng | ||
| 082 | _a512.7 BURE | ||
| 100 |
_aBURTON (David M) _949978 |
||
| 245 | _aElementary number theory | ||
| 250 | _a2 | ||
| 260 |
_aNew Delhi _bUniversal Book Stall _c1995 |
||
| 300 | _axvii,450 | ||
| 690 |
_aAlgebra _949979 |
||
| 906 | _a050214 | ||
| 942 |
_2ddc _cBK |
||
| 999 |
_c99137 _d99137 |
||